|
|
|
|
| LEADER |
01037nam a2200277 a 4500 |
| 001 |
13353552 |
| 003 |
BD-DhAAL |
| 008 |
121230s2004 enka b 001 0 eng d |
| 999 |
|
|
|c 13078
|d 13078
|
| 010 |
|
|
|a 2003065260
|
| 020 |
|
|
|a 0521832918
|
| 020 |
|
|
|a 052154047X (pb.)
|
| 040 |
|
|
|a DLC
|c DLC
|d DLC
|d BD-DhAAL
|
| 082 |
0 |
0 |
|a 362.1
|2 22
|
| 100 |
1 |
|
|a Beaglehole, R.
|9 43571
|
| 245 |
1 |
0 |
|a Public health at the crossroads :
|b achievements and prospects /
|c Robert Beaglehole and Ruth Bonita.
|
| 250 |
|
|
|a second edition
|
| 260 |
|
|
|a Cambridge, UK ;
|a New York :
|b Cambridge University Press,
|c 2004.
|
| 300 |
|
|
|a xiv, 303 pages :
|b illustrations ;
|c 23 cm.
|
| 504 |
|
|
|a Includes bibliographical references and index.
|
| 541 |
|
|
|e 00026437
|
| 650 |
|
0 |
|a World health.
|9 43572
|
| 700 |
1 |
|
|a Bonita, R.
|9 43573
|
| 852 |
1 |
|
|a Ayesha Abed Library
|j General shelf
|
| 942 |
|
|
|2 ddc
|c BK
|
| 952 |
|
|
|0 0
|1 0
|4 0
|6 362_100000000000000_BEA
|7 0
|9 21738
|a BRACUL
|b BRACUL
|c GEN
|d 2012-12-31
|e Trim Education
|g 5175.00
|l 0
|o 362.1 BEA
|p 3010026437
|r 2012-12-31
|t 1
|w 2012-12-31
|y BK
|